Enciclopedia de la educación preescolar / (Registro nro. 7253)

Detalles MARC
000 -LEADER
fixed length control field 01085nam a2200229 4500
001 - CONTROL NUMBER
control field 0000013387
005 - DATE AND TIME OF LATEST TRANSACTION
control field 20250329172016.0
007 - PHYSICAL DESCRIPTION FIXED FIELD--GENERAL INFORMATION
fixed length control field ta
008 - FIXED-LENGTH DATA ELEMENTS--GENERAL INFORMATION
fixed length control field 160627s1987 000 0 eng d
020 ## - INTERNATIONAL STANDARD BOOK NUMBER
International Standard Book Number 9681900669 (OBRA COM
040 ## - CATALOGING SOURCE
Original cataloging agency CO-CtgCURN
Language of cataloging spa
Transcribing agency coctgcurn
082 0# - DEWEY DECIMAL CLASSIFICATION NUMBER
Classification number R372.21030
Item number E52
245 00 - TITLE STATEMENT
Title Enciclopedia de la educación preescolar /
Statement of responsibility, etc. dirección Sergio Sánchez Cerezo , coordinacion Pilar Gil Fernández, Ma. del Pilar Cortes Bohigas , asesoria cientifica José Ramírez del Hoyo ... [et al.].
260 #1 - PUBLICATION, DISTRIBUTION, ETC.
Place of publication, distribution, etc. Madrid : :
Name of publisher, distributor, etc. Santillana,,
Date of publication, distribution, etc. 1987.
300 ## - PHYSICAL DESCRIPTION
Extent 4 v.
505 8# - FORMATTED CONTENTS NOTE
Formatted contents note v.1 Fundamentos pedagogicos psicología evolutiva y diferencial.-- v.2 Trastornos del desarrollo educación familar dimensiones educativas.--v.3 Metodologias evaluacion.-- v.4 Ecologia escolar y organizacion informaciones y recursos
650 14 - SUBJECT ADDED ENTRY--TOPICAL TERM
Topical term or geographic name entry element Educación preescolar
Form subdivision Dicciónarios, enciclopedias, etc.
700 1# - ADDED ENTRY--PERSONAL NAME
Personal name Sánchez Cerezo, Sergio.
908 ## - PUT COMMAND PARAMETER (RLIN)
Put command parameter 160627
942 ## - ADDED ENTRY ELEMENTS (KOHA)
Koha item type Diccionarios
Classification part R372.21030
Item part E52
Existencias
Withdrawn status Lost status Source of classification or shelving scheme Damaged status Not for loan Collection Home library Current library Shelving location Date acquired Inventory number Total checkouts Full call number Barcode Date last seen Copy number Price effective from Koha item type Public note
    Dewey Decimal Classification     Referencia Miguel Henríquez Castañeda Miguel Henríquez Castañeda   06/22/2017 000419   R372.21030 E52 000419 03/29/2025 V.1 03/29/2025 Diccionarios 370-EDUCAC
    Dewey Decimal Classification       Miguel Henríquez Castañeda Miguel Henríquez Castañeda Referencia 06/04/2025 000420   R372.21030 E52 000420 06/04/2025 v.2 06/04/2025 Diccionarios 370-EDUCAC
    Dewey Decimal Classification       Miguel Henríquez Castañeda Miguel Henríquez Castañeda Referencia 06/04/2025 000421   R372.21030 E52 000421 06/04/2025 v.3 06/04/2025 Diccionarios 370-EDUCAC
    Dewey Decimal Classification       Miguel Henríquez Castañeda Miguel Henríquez Castañeda Referencia 06/04/2025 000422   R372.21030 E52 000422 06/04/2025 v.4 06/04/2025 Diccionarios 370-EDUCAC